000 00310pab a2200145 454500
008 180718b1991 xxu||||| |||| 00| 0 eng d
100 _aJacob, T.
245 _aSocailism sans violence
260 _c1991
300 _a12-14
362 _a1 Dec.
650 _aSocialism
773 _aJanata
909 _a18834
999 _c18834
_d18834